1303 1022 1124 1269 1195 1675 1328 1964 1051 1172 1385 1848 1495 1473 1019 1280 1584 1148 1918 1511 1125 1452 1880 1341 1991 1153 1038 1065 1705 1348 1331 1047 1931 1624 1613 1961 1321 1191 1828 1131 1044 1193 1286 1616 1799 1716 1593 1044 1960 1371 1803 1310 1744 1323 1032 1390 1740 1160 1843 1016 1741 1771 1496 1857 1482 1026 1559 1408 1838 1875 1186 1948 1848 1951 1884 1332 1699 1959 1918 1650 1041 1685 1013 1903 1826 1721 1041 1938 1776 1580 1855 1283 1015 1749 1056 1334 1075 1698 1113 BCNSPRNW ULIB Ver.6.0+V

เปลี่ยนเป็นภาษาไทย

Change to English
 แสดงรายละเอียดบรรณานุกรม
  กลับหน้าหลัก

Brief Record : Get Marc (ISO 2709) : E-mail record : QR code < ปิดหน้าต่าง
LEADER : 00000nam 2200000uu 4500
001    13399110733
003     ULIB
008    110608s2552||||th 000 0 tha d
020    9786115311125
060  4 QV767^bป524ก 2552
100 0  ปัญญา ไพศาลอนันต์
245 00 กินกล้วยช่วยชีวิต/^cปัญญา ไพศาลอนันต์
260    กรุงเทพฯ:^bแบงค์คอกบุ๊คส์,^c2552
300    64 หน้า:^bภาพประกอบ
650  7 กล้วย
650  7 ประโยชน์ของกล้วย
945    ^p59^l0^i18252
995    กัณชพร
999    ^aใช้งานได้ทุกระบบ
รายการนี้ยังไม่มีแท็ก
คุณยังไม่ได้ล็อกอิน คุณสามารถมีกิจกรรมร่วมกับเว็บไซต์ได้ แต่ต้องล็อกอินก่อน ::
  ล็อกอิน

รายการสื่อสารสนเทศ

ลำดับที่ ประเภท เลขเรียก/บาร์โค้ด สถานที่ สถานะ
- ไม่พบข้อมูล -

รายการใกล้เคียง
    ผู้แต่ง [ปัญญา ไพศาลอนันต์]

    หัวเรื่อง [กล้วย]
    หัวเรื่อง [ประโยชน์ของกล้วย]

BibComment


ยังไม่เคยถูกคอมเมนท์

คอมเมนท์ทรัพยากรรายการนี้
  คอมเมนท์: กินกล้วยช่วยชีวิต..


 Copyright 2026. Bcnsprnw @Library